000 00571nam a2200181 i 4500
001 48973
005 20230410132828.0
008 071101b1998 ve a 000 0 spa
040 _aDRFGD
050 1 4 _a1erAPT1erB575v 1998
100 _aBhat Keshava
245 0 3 _aLa vuelta al conuco :
_bProducción Naturista para un mundo en crisis /
_cKeshava Bhat, Frank Bracho, Carmen de Feites.
260 _aVenezuela :
_bEdiciones vivir mejor :
_c1998
300 _a272 p.
500 _aLa vuelta al conuco Por Keshava Bhat (entre otros)
942 _2lcc
946 _almminaya
999 _c88492
_d88492